00381nam a2200121Ia 4500008004100000082001300041100002700054245003400081300002100115942000700136999001900143952009700162230907s9999||||xx |||||||||||||| ||und|| a5.8bPAT aPatel, Chintan,991546 0aInternet of things security : axxi, 238 pages ; cBK c600547d600547 00104070aCAS-EbCAS-Ed2019-10-29l0o005.8 PATpCAS-E0004646r2023-09-12w2023-09-12yBK